000 00529nam a2200169 a 4500
001 000043405
005 20201002040902.0
008 140314s1984 sp a 000 0 spa d
020 _a8476000154
040 _aDO-SdBNP
_bspa
_cBNPHU
100 1 _aBeaulieu, Martine
_971067
245 1 0 _aManual práctico y anecdótico de grandes clásicos de la coctelería /
_cMartine Beaulieu.
260 _aMadrid :
_bAkal,
_c1984.
300 _a191 p. :
_bil. ;
_c17 cm.
490 1 _aAkal bolsillo
_v138
830 0 _aAkal bolsillo ;
_n138
_971068
999 _c42894
_d42894